000
00334nam a22001457a 4500
003
SGT
020
_a
938426644-2
082
_a
615.1
_b
PAN
100
_a
PANDEY, PRASHANT
245
_a
PHARMACEUTICAL ENGINEERING
260
_a
INDIA
_b
BIRLA PUB.
_c
2027
300
_a
184
650
_a
PHARMACEUTICAL ENGINEERING
942
_2
ddc
_c
BK
999
_c
32987
_d
32987